|
|
|
|
| LEADER |
01481nam a2200361 i 4500 |
| 001 |
28205 |
| 003 |
BD-DhAAL |
| 005 |
20230525144446.0 |
| 008 |
140711s2012 enka b 001 0 eng |
| 010 |
|
|
|a 2011052651
|
| 020 |
|
|
|a 9780262017749 (hardcover : alk. paper)
|
| 040 |
|
|
|a DLC
|b eng
|c DLC
|e rda
|d DLC
|d BD-DhAAL
|
| 041 |
1 |
|
|a eng
|
| 042 |
|
|
|a pcc
|
| 050 |
0 |
0 |
|a NA2711
|b .S3613 2012
|
| 082 |
0 |
0 |
|a 741.018
|2 23
|
| 100 |
1 |
|
|a Scolari, Massimo,
|d 1943-
|9 5332
|
| 240 |
1 |
0 |
|a Disegno obliquo.
|l English
|
| 245 |
1 |
0 |
|a Oblique drawing :
|b a history of anti-perspective /
|c Massimo Scolari ; introduction by James S. Ackerman ; translated from the Italian by Jenny Condie Palandri.
|
| 260 |
|
|
|a Cambridge ;
|a Massachusetts :
|b The MIT press
|c 2012
|
| 300 |
|
|
|a xiii, 389 pages :
|b illustrations ;
|c 24 cm.
|
| 490 |
0 |
|
|a Writing architecture
|
| 504 |
|
|
|a Includes bibliographical references and index.
|
| 526 |
|
|
|a ARC
|
| 541 |
|
|
|e 28205
|
| 650 |
|
0 |
|a Axonometric projection.
|9 5333
|
| 650 |
|
0 |
|a Oblique projection.
|9 5334
|
| 650 |
|
0 |
|a Drawing
|x Technique.
|9 5335
|
| 765 |
0 |
|
|a Scolari, Massimo, 1943-
|t Disegno obliquo
|d Venezia : Marsilio, 2005.
|h 347 p. : ill. ; 22 cm.
|w (DLC) 2005368774
|
| 852 |
|
|
|a Ayesha Abed Library
|c General Stacks
|
| 942 |
|
|
|2 ddc
|c BK
|
| 999 |
|
|
|c 32852
|d 32852
|
| 952 |
|
|
|0 0
|1 0
|2 ddc
|4 0
|6 741_018000000000000_SCO
|7 0
|9 43086
|a BRACUL
|b BRACUL
|c GEN
|d 2014-07-10
|e Karim International
|g 2880.00
|l 4
|m 40
|o 741.018 SCO
|p 3010028205
|r 2018-02-19
|s 2017-08-17
|t 1
|w 2014-07-10
|y BK
|